00559nam a22001457a 4500003000400000005001700004008004100021040001400062100002200076245014600098260001000244300002900254500010100283504002900384OSt20171010095438.0120531t xxu||||| |||| 00| 0 eng d aMMSUcULS aLara, Renalyn C.  aEvaluation of wound healing potential of kalachuchi (Plumeria acuminata A.) flower oil extract on white mice (Mus musculus) cRenalyn C. Lara c2007  axvi, 55 leaves c28 cm.  aThesis (BS Biology) -- Mariano Marcos State University-College of Arts and Sciences, Batac City  aBibliography: leaves 34